000 00260nam a22001217a 4500
008 180927b xxu||||| |||| 00| 0 eng d
041 _aeng
080 _a611
100 _a6
101 _aANA
245 _aAtlas Human Anatomy
_cAnson,B J
942 _2udc
_cBK
999 _c48624
_d48624